| 000 | 00969nam a22001697a 4500 | ||
|---|---|---|---|
| 005 | 20120215110356.0 | ||
| 020 |
_a8186895795 _c75.00 |
||
| 082 | _aक | ||
| 100 |
_aराव, संध्या _942029 |
||
| 245 |
_aमीठी नमकीनः _cसंध्या राव;श्रीविद्या नटराजन द्वारा चित्रांकित _bआंध्र प्रदेश की एक लोक कथा / |
||
| 260 |
_aचैन्नई _bतूलिका पब्लिशिंग _c2010 |
||
| 270 |
_a13, पृथ्वी ऐवन्यु,अभिरमपुरम _bचैन्नई _e600018 |
||
| 300 |
_aअ.पृ _bसचित्र _c18सेमी (अजिल्द) |
||
| 700 |
_aनटराजन, श्रीविद्या _942026 |
||
| 942 |
_2ddc _cCH _hक _mरावसं |
||
| 999 |
_c62801 _d62801 |
||